Gcse English Language for Ocr (Record no. 5187)
[ view plain ]
| 005 - DATE AND TIME OF LATEST TRANSACTION | |
|---|---|
| control field | 20250626061315.0 |
| 020 ## - INTERNATIONAL STANDARD BOOK NUMBER | |
| International Standard Book Number | 978-0-19-832946-6 |
| 082 ## - DEWEY DECIMAL CLASSIFICATION NUMBER | |
| Classification number | 428 BAR |
| 100 ## - MAIN ENTRY--PERSONAL NAME | |
| Author name | BARCOCK, C |
| 245 ## - TITLE STATEMENT | |
| Title | Gcse English Language for Ocr |
| 260 ## - PUBLICATION, DISTRIBUTION, ETC. | |
| Place of publication, distribution, etc. | London |
| Name of publisher, distributor, etc. | Oxford University Press |
| Date of publication, distribution, etc. | 2010. |
| 300 ## - PHYSICAL DESCRIPTION | |
| Extent | 173p.: ill.; pictures |
| Other physical details | Index |
| Dimensions | 27cm |
| 700 ## - ADDED ENTRY--PERSONAL NAME | |
| Other authors/Editors | Liz Hanton |
| 700 ## - ADDED ENTRY--PERSONAL NAME | |
| Other authors/Editors | Mel Peeling |
| 700 ## - ADDED ENTRY--PERSONAL NAME | |
| Other authors/Editors | Alison Ross |
| 700 ## - ADDED ENTRY--PERSONAL NAME | |
| Other authors/Editors | Christine Shaw Smith |
| 942 ## - ADDED ENTRY ELEMENTS (KOHA) | |
| Source of classification or shelving scheme | Dewey Decimal Classification |
| Koha item type | Books |
| Date last seen | Total checkouts | Full call number | Barcode | Date last checked out | Price effective from | Koha item type | Lost status | Source of classification or shelving scheme | Damaged status | Not for loan | Withdrawn status | Home library | Current library | Shelving location | Date acquired | Source of acquisition |
|---|---|---|---|---|---|---|---|---|---|---|---|---|---|---|---|---|
| 03/09/2026 | 1 | 428 BAR | MZA0002158 | 02/17/2026 | 06/26/2025 | Books | Dewey Decimal Classification | CBE Mwanza | CBE Mwanza | General Collection | 06/17/2019 | Donation from TLSB | ||||
| 06/26/2025 | 428 BAR | MZA0002159 | 06/26/2025 | Books | Dewey Decimal Classification | CBE Mwanza | CBE Mwanza | General Collection | 06/17/2019 | Donation from TLSB |
